COMPENDIUM PHYSICAE EPERIMENTALIS DE CORPORIBUS MIXTIS MINERALIBUS GENERATIM, ET DE ADMIRANDIS REGNI BOHEMIAE METALLIS, LAPAIDIBUS, ET SUCCIS FOSSILIBUS IN SPECIE EX COGITATIONIBUS PROFANO-SACRIS, THERICO-MORALIBUS MIXTUM, Atque In exsculpta icone theatri mineralis ex omni genere rariorum Metallorum mirabili artificio nitidè constructi, & in Museao Mathematico Collegii Academici S. J. Pragae a S. Clementem erecti, nec non historica relatione cum annotationibus quibusdam, & reflexionibus illustrati, ex parte adumbratum. Additis Thesibus Logicis ex Rationali aristotelis Philosophia. Quas In Alma, Caesarea, Regiaque Universitate Carolo-Ferdinandea Pragensi SUB RECTORATU Admodum Reverendi, ac Eximii Patris P. LEOPOLDI GRIM Grim E SOCIETATE JESU SS: THEOLOGIAE Doctoris, Caesareo-Academici Collegii ad S. Clementem Vetero-Pragae, nec no Almae Caesareae, Regiaeque Universitatis Carlo-Ferdinandeae Pragensis p.t. RECTORIS MAGNIFICI /

Hlavní autor: Passetzky, Josephus
Další autoři: Kissling, Johann, 1613-1674, Kinský, Filip Josef, 1700-1749, Herz, Johann Daniel, 1693-1754
Jazyk: Latina
Vydáno: Pragae : Typis Universit. Carolo-Ferdinand. in Collegio S. J. ad S. Clem., 1747
Témata:
Externí odkaz: Digitalizovaný dokument (Exemplář z Národní knihovna ČR)
Fyzický popis: 22 nečíslovaných stran, 112 stran, 4 nečíslovaná strana, 2 nečíslované obrazové přílohy ; 4°
Knihy
Uloženo v:
LEADER 03805nam a2200553 i 4500
001 mzk03001264348
003 CZ BrMZK
005 20190830104821.0
007 ta
008 190830s1747 xr f fr|||||00| ||latod
040 |a BOA001  |b cze  |e rda 
072 7 |a 5  |x Přírodní vědy. Matematické vědy  |2 Konspekt  |9 6 
072 7 |a 094  |x Staré tisky  |2 Konspekt  |9 12 
080 |a 5  |2 MRF 
080 |a 53  |2 MRF 
080 |a 025.171  |2 MRF 
080 |a (0.068)094  |2 MRF 
080 |a (048.3)  |2 MRF 
100 1 |a Passetzky, Josephus  |4 aut 
245 1 0 |a COMPENDIUM PHYSICAE EPERIMENTALIS DE CORPORIBUS MIXTIS MINERALIBUS GENERATIM, ET DE ADMIRANDIS REGNI BOHEMIAE METALLIS, LAPAIDIBUS, ET SUCCIS FOSSILIBUS IN SPECIE EX COGITATIONIBUS PROFANO-SACRIS, THERICO-MORALIBUS MIXTUM, Atque In exsculpta icone theatri mineralis ex omni genere rariorum Metallorum mirabili artificio nitidè constructi, & in Museao Mathematico Collegii Academici S. J. Pragae a S. Clementem erecti, nec non historica relatione cum annotationibus quibusdam, & reflexionibus illustrati, ex parte adumbratum. Additis Thesibus Logicis ex Rationali aristotelis Philosophia. Quas In Alma, Caesarea, Regiaque Universitate Carolo-Ferdinandea Pragensi SUB RECTORATU Admodum Reverendi, ac Eximii Patris P. LEOPOLDI GRIM Grim E SOCIETATE JESU SS: THEOLOGIAE Doctoris, Caesareo-Academici Collegii ad S. Clementem Vetero-Pragae, nec no Almae Caesareae, Regiaeque Universitatis Carlo-Ferdinandeae Pragensis p.t. RECTORIS MAGNIFICI /  |c PRAESIDE Reverendo, ac Doctissimo Patre P. JOANNE KISLING E Societate JEsu, AA. LL. & Philosophiae Doctore, Ejusdémque in eadem Universitate Professore Regio, Publico, ac ordinario. PRO PRIMA PHILOSOPHIAE LAUREA IN MAGNA AULA CAROLINA Publicè defendendas suscepit Praenobilis, ac Ornatissimus Dominus Josephus Passetzky, Patritius Pragensis, Physices, & Mathematum Auditor. Annô M.DCC.XLVII. Mense [Majo] Die [12] horis [post] meridiem consvetis 
264 1 |a Pragae :  |b Typis Universit. Carolo-Ferdinand. in Collegio S. J. ad S. Clem.,  |c 1747 
300 |a 22 nečíslovaných stran, 112 stran, 4 nečíslovaná strana, 2 nečíslované obrazové přílohy ;  |c 4° 
336 |a text  |b txt  |2 rdacontent 
337 |a bez média  |b n  |2 rdamedia 
338 |a svazek  |b nc  |2 rdacarrier 
500 |a Výzdoba: Mědirytový frontispis oslavující dedikanta a signovaný Johan[n] Daniel Herz inven: delin: et Sculp. Aug. Vind., vlysy, iniciály, viněty, typografické ozdůbky, u strany 68 složená mědirytinová příloha (ADMIRANDA NATURAE REGNI BOEMIAE IN MINERALIBUS) 
500 |a Rozsah: [22], 112, [4] s., [2] příl. 
561 |a Provenience: [m.p.] Monasterii Braunensis O. S. B. 
561 |a Provenience: [razítko] S.A.B. BRAUNAU 
561 |a Provenience: [razítko] SVK HK/ 3925 
563 |a Papírová vazba, lepenkové desky polepené hnědým stříkaným papírem, ořízka stříkaná modrou barvou 
650 7 |a přírodní vědy  |7 ph115999  |2 czenas 
650 7 |a fyzika  |7 ph114601  |2 czenas 
650 7 |a historické knihovní fondy  |7 ph172933  |2 czenas 
655 7 |a staré tisky  |7 fd422076  |2 czenas 
700 1 |a Kissling, Johann,  |d 1613-1674  |7 mzk2009532555  |4 ths 
700 1 |a Kinský, Filip Josef,  |d 1700-1749  |7 jo2010602502  |4 dte 
700 1 |a Herz, Johann Daniel,  |d 1693-1754  |7 mzk2009510161  |4 egr 
856 4 2 |u http://books.google.cz/books?vid=NKP:1002303785&printsec=frontcover  |y Digitalizovaný dokument  |z Exemplář z Národní knihovna ČR 
903 |a RP 
910 |a NAG950  |b B - XVIII. E. aa. 3,1 
978 |b Tiskárna jezuitská  |a Praha  |c 1747 
982 0 |a Broumov - benediktinský klášter 
982 0 |a Hradec Králové - SVK 
984 |a Praha  |b Česko 
985 |a 1701-1750 
990 |a BK 
991 |k broumov 
980 |c 004347  |g B - XVIII. E. aa. 3,1  |1 458950004347